Visualizzazione normale
Vista MARC
- Lucantoni Dario
di Personal Name
Records bibliografici associati: 1
001 - CONTROL NUMBER
- control field: 43944
003 - CONTROL NUMBER IDENTIFIER
- control field: IT-RoPau
005 - DATE AND TIME OF LATEST TRANSACTION
- control field: 20151127120850.0
008 - FIXED-LENGTH DATA ELEMENTS
- fixed length control field: 151127|| aca||aabn | a|a d
040 ## - CATALOGING SOURCE
- Original cataloging agency: IT-RoPau
- Transcribing agency: IT-RoPau
100 ## - HEADING--PERSONAL NAME
- Personal name: Lucantoni Dario
- Relator term: (musica)
- Miscellaneous information: Codice Musica SPICS: 57898
670 ## - SOURCE DATA FOUND
- Source citation: Work cat.: (IT-RoPau)105893: Luchetti Daniele Codice regista SPICS: 57897 43940, PORTABORSE (IL) PORTABORSE (IL) (Rif. Codice opera principale : H4963)